Millennials, news and social media : (Record no. 362695)
[ view plain ]
| 000 -LEADER | |
|---|---|
| fixed length control field | 00466nam a2200145Ia 4500 |
| 008 - FIXED-LENGTH DATA ELEMENTS--GENERAL INFORMATION | |
| fixed length control field | 191111s9999 xx 000 0 und d |
| 020 ## - INTERNATIONAL STANDARD BOOK NUMBER | |
| International Standard Book Number | 9781433150036 |
| 100 ## - MAIN ENTRY--PERSONAL NAME | |
| Personal name | Poindexter, Paula M. |
| 245 ## - TITLE STATEMENT | |
| Statement of responsibility, etc | Paula M. Poindexter.-- |
| Title | Millennials, news and social media : |
| Remainder of title | is news engagement a thing of the past? / |
| 250 ## - EDITION STATEMENT | |
| Edition statement | 2nd ed |
| 260 ## - PUBLICATION, DISTRIBUTION, ETC. (IMPRINT) | |
| Place of publication, distribution, etc | USA : |
| Name of publisher, distributor, etc | Peter Lang Publishing, Inc. |
| Date of publication, distribution, etc | 2018 |
| 300 ## - PHYSICAL DESCRIPTION | |
| Extent | xx, 216 pages. |
| 650 ## - SUBJECT ADDED ENTRY--TOPICAL TERM | |
| Topical term or geographic name as entry element | Generation Y |
| 650 ## - SUBJECT ADDED ENTRY--TOPICAL TERM | |
| Topical term or geographic name as entry element | Social media |
| Withdrawn status | Lost status | Damaged status | Home library | Current library | Shelving location | Date acquired | Source of acquisition | Total Checkouts | Full call number | Barcode | Date last seen | Price effective from | Koha item type |
|---|---|---|---|---|---|---|---|---|---|---|---|---|---|
| College Library | College Library | Reserve Section | 11/11/2019 | Library Fund | PN 4888.N48 .P751 2018 | C22049 | 11/11/2019 | 11/11/2019 | Books |